[Event "IV Copa Marcel Duchamp 2020"]
[Site "Montevideo"]
[Date "2020.02.09"]
[Round "3.17"]
[White "Garcia Palermo, Carlos"]
[Black "Pichuaga, Juan Pablo"]
[Result "1-0"]
[WhiteElo "2434"]
[BlackElo "2030"]
[Annotator "TA"]
[PlyCount "69"]
[EventDate "2020.02.08"]
[EventType "swiss"]
[EventCountry "URU"]
[SourceTitle "playchess.com"]
[Source "ChessBase"]
[SourceQuality "1"]

{[%evp 9,69,36,48,45,54,45,45,46,58,53,78,66,67,72,86,79,97,64,69,45,43,40,59,58,53,32,39,44,58,67,64,52,64,72,133,92,104,108,100,102,168,163,155,137,270,283,300,280,407,415,417,411,632,622,666,665,647,648,1538,1156,1257,1207]} 1. d4 e6 2. c4 d5 3. Nf3 f5 4. e3 Nf6 5. Bd3 Be7 6. O-O {A84: Dutch Defence: 2 c4 Miscellaneous.} O-O 7. b3 c6 8. Bb2 {White is slightly better.} Bd7 9. Nc3 {[%cal Bb1c3,Bc3e2,Be2f4][%mdl 32]} Ne4 10. Ne2 {[#]} Bd6 $146 ({Predecessor:} 10... Na6 11. Ne5 Nc7 12. f3 Nf6 13. Qc1 Be8 14. Ba3 Nd7 15. f4 Bh5 16. Ng3 Bg6 {0-1 (41) Purygin,A (2301)-Muratov,S (2181) Sochi 2018}) 11. Ne5 Qh4 12. f3 Ng5 13. Nf4 (13. Bc3 {keeps more tension.} Qh6 14. Qd2 Nf7 15. f4 Nxe5 16. dxe5 Be7 17. cxd5 exd5 18. b4) 13... Nf7 14. Nxf7 (14. Qc1 {looks sharper.} Qh6 15. Rd1 g5 16. Ne2 Be8 17. Ba3) 14... Rxf7 15. Qd2 (15. c5 {feels hotter.} Bc7 16. Qe1 Qe7 17. g3 a5 18. Rc1) 15... Qh6 16. g3 Be8 17. e4 fxe4 18. fxe4 dxe4 19. Bxe4 Nd7 20. Rae1 Nf8 21. Bc1 Rd8 ({Black should try} 21... Bxf4 22. Rxf4 Rxf4 23. Qxf4 Qxf4 24. Bxf4 Rd8) 22. Qc3 g5 23. Nd3 Rxf1+ 24. Rxf1 Bg6 (24... Be7 $16) 25. Bxg6 $18 Qxg6 26. Bb2 $40 {[%mdl 128] White is out for blood.} Nd7 {[#]} (26... Qg7 $16 {keeps fighting.} 27. Qa5 b6) 27. d5 $1 {[%csl Gb2][%cal Rc3h8][%mdl 512]} e5 (27... cxd5 28. Qh8#) 28. c5 {Threatens to win with dxc6.} Bb8 (28... Bf8 {is a better defense.} 29. dxc6 (29. Nxe5 Nxe5 30. Qxe5 Bg7 $18) 29... Qxc6 30. Qc4+ Kh8) 29. d6 Re8 30. Re1 g4 (30... b6 $142 31. Nxe5 Nxe5 32. Rxe5 Rxe5 33. Qxe5 bxc5) 31. Nxe5 {White is clearly winning.} Rxe5 32. Rxe5 Nxe5 33. Qxe5 Qb1+ 34. Kf2 {[%csl Gb2][%cal Re5g7]} Qc2+ 35. Ke3 {Accuracy: White = 91%, Black = 58%.} 1-0

[Event "IV Copa Marcel Duchamp 2020"]
[Site "Montevideo"]
[Date "2020.02.09"]
[Round "3.18"]
[White "Avedisian, Alexander"]
[Black "Carvalho, Guillermo"]
[Result "1/2-1/2"]
[WhiteElo "1892"]
[BlackElo "2187"]
[Annotator "TA"]
[PlyCount "68"]
[EventDate "2020.02.08"]
[EventType "swiss"]
[EventCountry "URU"]
[SourceTitle "playchess.com"]
[Source "ChessBase"]
[SourceQuality "1"]

{[%evp 23,68,-52,-39,-151,1,-4,39,35,65,52,41,47,45,31,77,37,39,23,19,6,37,35,31,0,0,0,0,0,0,-118,0,-18,0,-34,19,8,22,5,0,0,0,0,83,0,0,-32,35]} 1. g3 d5 2. Nf3 Nf6 3. Bg2 e6 4. O-O Be7 5. d3 b6 6. Nbd2 Bb7 7. e4 c5 8. e5 Nfd7 9. Re1 Nc6 10. Nf1 h6 11. h4 Qc7 12. Qe2 O-O-O 13. Bf4 {C00: French: Unusual White 2nd moves} ({White should play} 13. c3 $15) 13... Nf8 $2 (13... Rdg8 $1 $17 {And now ...g5 would win.} 14. Bd2 g5 15. hxg5 hxg5) 14. c3 {[#]} Rd7 $146 ({Predecessor:} 14... Kb8 15. g4 Rc8 16. Bg3 Qd8 17. a3 Ka8 18. b4 Nd7 19. Rab1 Re8 20. Qd2 Bf8 21. b5 {½-½ (68) Domont,A (2355)-Pytel,M (2340) Switzerland 1996}) 15. a3 {White is slightly better.} Qd8 16. b4 g5 17. hxg5 $1 hxg5 18. Bd2 $1 Rg8 19. bxc5 Bxc5 20. d4 Be7 $1 21. Ne3 Na5 22. Reb1 Rc7 23. Ne1 Kb8 24. N1c2 Qc8 25. Nb4 Rh8 26. Bf3 {[#]} (26. a4 $11 {keeps the balance.}) 26... Nc4 (26... Nd7 $1 $17 27. Kg2 f6) 27. a4 Na5 28. Bg2 $1 f5 (28... Nd7 $15) 29. exf6 $1 $11 Bxf6 30. Ng4 Be7 31. Ne5 Ka8 32. Rb2 Qe8 {[#]} (32... Bd6 $11) 33. Na6 (33. c4 $1 $16 {[%cal Rc4d5]} Nxc4 34. a5 Nxa5 35. Na6 Bxa6 36. Qxa6) 33... Rc8 $1 34. Nb4 Qh5 {Accuracy: White = 69%, Black = 56%.} ({Black should try} 34... Bd6 $15) 1/2-1/2

[Event "IV Copa Marcel Duchamp 2020"]
[Site "Montevideo"]
[Date "2020.02.09"]
[Round "3.19"]
[White "Vazquez, Facundo"]
[Black "Pustilnik, Iber"]
[Result "0-1"]
[WhiteElo "2155"]
[BlackElo "1892"]
[Annotator "TA"]
[PlyCount "100"]
[EventDate "2020.02.08"]
[EventType "swiss"]
[EventCountry "URU"]
[SourceTitle "playchess.com"]
[Source "ChessBase"]
[SourceQuality "1"]

{[%evp 20,130,19,12,43,17,22,31,33,36,30,16,56,60,128,128,118,112,137,134,141,140,133,107,176,181,191,181,191,197,189,122,151,172,123,101,100,0,0,-29971,-29973,-29969,-29970,-29970,-29970,-29970,-29969,-4132,-1312,-29977,-29978,-29978,-29979,-29979,-29980,-29980,-29981,-29980,-891,-874,-860,-839,-810,-769,-791,-743,-705,-1080,-998,-1083,-875,-2212,-2032,-1781,-1057,-1454,-1374,-1269,-6,-62,-90,-95,0,0,0,-993,-999,-29982,-29983,-29983,-29984,-29987,-29984,-29984,-29985,-29985,-29983,-29983,-29984,-29984,-29985,-29985,-29986,-29986,-29987,-29987,-29988,-29989,-29990,-29990,-29990,-29989,-29989]} 1. d4 Nf6 2. c4 g6 3. Nc3 Bg7 4. g3 c6 5. Bg2 d5 6. cxd5 cxd5 7. Nf3 O-O 8. Ne5 Nc6 9. Nxc6 bxc6 10. O-O Bf5 11. Na4 Qc8 {D79: Fianchetto Grünfeld: Symmetrical Variation (6 0-0 c6 7 cxd5 cxd5).} 12. Bd2 Bh3 {[#]} 13. Rc1 $146 ({Predecessor:} 13. Bb4 Re8 14. Rc1 e5 15. e3 exd4 16. exd4 Bh6 17. Bd2 Bxd2 18. Qxd2 Ne4 19. Qf4 Bxg2 20. Kxg2 {½-½ (32) Kalaiyalahan,A (2233)-Serikbay,A (1978) Porto Carras 2015}) 13... Bxg2 {White is slightly better.} 14. Kxg2 Ne4 15. Be3 Qe8 16. Nc5 Rc8 (16... Nd6 $14) 17. Nxe4 $16 dxe4 18. Qc2 e5 19. dxe5 (19. Qxe4 exd4 20. Qxe8 Rfxe8 $17) 19... Qxe5 20. b3 (20. Bxa7 $6 Qxb2 21. Qc4 Ra8 $14) 20... h5 21. h4 Rfd8 (21... Qe6 $16) 22. Rfd1 $18 Bf6 23. Qc4 Qf5 24. Rxd8+ ({Don't play} 24. Bxa7 $6 Bxh4 25. Be3 (25. gxh4 Qg4+ 26. Kh2 Qxh4+ 27. Kg2 Qg4+ 28. Kh1 Qh3+ 29. Kg1 Qg4+ 30. Kh1 Qh3+ 31. Kg1 Qg4+ 32. Kh1 $11) 25... Bf6 $16) 24... Bxd8 25. Bxa7 (25. Qa6 $18) 25... Bxh4 $16 26. gxh4 {Threatens to win with Rc3.} Qg4+ 27. Kf1 {Strongly threatening Bd4.} Qxh4 {[%cal Rh4h1]} 28. Ke1 (28. e3 $16 {Black must now prevent Bd4.} Ra8 29. Bd4 Rxa2 30. Rc2 Rxc2 31. Qxc2) 28... Rd8 $40 {[%cal Rh4h1][%mdl 128] White needs to defend precisely.} 29. Bd4 $2 {[%mdl 8192] [#]} (29. e3 $11 Rd3 30. Ke2 (30. Qxc6 Qh1+ 31. Ke2 Qf3+ 32. Ke1 Qh1+ 33. Ke2 Qf3+ 34. Ke1 Qh1+ $11) 30... Qg4+ 31. Kf1) 29... e3 $1 {[%cal Rh4h1][%mdl 512]} 30. Qxc6 (30. Bxe3 Qh1#) 30... Qxf2+ 31. Kd1 Rxd4+ {[%mdl 4096] Endgame KQR-KQR} 32. Kc2 Qxe2+ 33. Kb1 Qd3+ (33... Rd1 $142 34. Qe8+ Kg7 35. Qxe3 Qxe3 36. Rxd1 h4) 34. Ka1 e2 35. Qe8+ Kg7 36. Qe5+ Kh7 37. Rc8 Qd1+ 38. Kb2 Rd8 (38... Qd2+ $142 39. Ka3 Qb4+ 40. Kb2 Rd2+ 41. Kc1 Rd1+ 42. Kb2 Qd2+ 43. Ka3 Qd6+ {[%mdl 64] Double Attack} 44. Rc5 e1=Q 45. Qxd6 Rxd6 46. Rc8 Qd2 47. Ra8 Rb6 48. Ra7 Qc1+ 49. Ka4 Qc5 50. Rxf7+ Kh6 51. Rh7+ Kxh7 52. a3 Qb5#) 39. Rxd8 $19 Qxd8 40. Qxe2 {KQ-KQ} Qd4+ 41. Kc2 h4 42. Qf3 Kg7 43. a4 Qf6 44. Qh1 g5 45. b4 g4 46. a5 Qf5+ 47. Kd2 h3 48. a6 Qf3 $2 (48... Qg5+ $19 49. Kd3 Qg6+ 50. Kc3 Qf6+ 51. Kb3 Qxa6) 49. Qa1+ ({White should play} 49. Qxf3 $11 gxf3 50. a7) 49... f6 $1 $15 50. a7 Qd5+ {Played: Qf3-a8} 0-1

[Event "IV Copa Marcel Duchamp 2020"]
[Site "Montevideo"]
[Date "2020.02.09"]
[Round "3.20"]
[White "Palacio, Enzo"]
[Black "Trois, Francisco R.T."]
[Result "1/2-1/2"]
[WhiteElo "1869"]
[BlackElo "2141"]
[Annotator "TA"]
[PlyCount "73"]
[EventDate "2020.02.08"]
[EventType "swiss"]
[EventCountry "URU"]
[SourceTitle "playchess.com"]
[Source "ChessBase"]
[SourceQuality "1"]

{[%evp 13,73,40,71,25,38,6,55,38,38,35,36,32,30,27,30,33,36,0,36,20,28,33,27,0,2,-43,-44,-41,-36,-48,-48,-49,-42,-64,-34,-33,-32,-37,-22,-32,0,0,0,0,0,-16,-11,-4,0,0,0,0,0,0,0,0,7,0,0,0,0,0]} 1. e4 g6 2. d4 Bg7 3. Nc3 d6 4. Be3 c6 5. Qd2 b5 6. Bd3 Nd7 7. Nf3 a6 8. Ne2 {B06: Modern Defence.} e5 9. O-O Bb7 10. c3 {White is slightly better.} Ngf6 11. Bh6 O-O 12. Bxg7 Kxg7 13. Ng3 c5 14. Qg5 {And now Nf5+ would win.} Ne8 {[#]} 15. Qd2 $146 ({Predecessor:} 15. Qe3 Nef6 16. Rfd1 exd4 17. cxd4 Re8 18. Rac1 c4 19. Bb1 Nxe4 20. Bxe4 Bxe4 21. Nxe4 {0-1 (32) Do Amaral,R-Bossenbroek,H LSS email 2006}) 15... Qf6 16. Bc2 Nc7 17. d5 Nb6 18. b3 Bc8 19. Qg5 (19. Qd3 {keeps more tension.} a5 20. Nd2 Qe7 21. f4 exf4 22. Rxf4 f6 23. Rff1) 19... Qxg5 20. Nxg5 a5 {[%cal Ba6a5,Ba5a4][%mdl 32]} 21. Nf3 b4 22. c4 a4 23. a3 Na6 24. Nd2 bxa3 25. Rxa3 Nb4 26. Rc1 {[%cal Rb3a4]} Nxc2 27. Rxc2 {The position is equal.} axb3 28. Rxb3 Ra1+ 29. Rb1 (29. Ndf1 {is interesting.} Nd7 30. f3 f5 31. exf5 gxf5 32. Rbb2) 29... Rxb1+ 30. Nxb1 Ba6 31. Nd2 Rb8 32. Ngf1 f5 33. exf5 gxf5 34. Ne3 Kg6 35. g4 Bc8 $1 36. gxf5+ Bxf5 37. Rb2 {Accuracy: White = 78%, Black = 84%.} 1/2-1/2

[Event "IV Copa Marcel Duchamp 2020"]
[Site "Montevideo"]
[Date "2020.02.09"]
[Round "3.21"]
[White "Dominguez, Facundo"]
[Black "Serafim Junior, Arnor"]
[Result "1-0"]
[WhiteElo "2135"]
[BlackElo "1765"]
[Annotator "TA"]
[PlyCount "127"]
[EventDate "2020.02.08"]
[EventType "swiss"]
[EventCountry "URU"]
[SourceTitle "playchess.com"]
[Source "ChessBase"]
[SourceQuality "1"]

{[%evp 15,127,12,12,9,16,10,10,10,10,6,21,7,30,26,37,27,73,105,96,66,73,-43,-33,-70,-34,-78,-65,-133,-81,-83,-48,-102,-48,-37,-24,-26,-43,-48,41,-136,-78,-83,-81,-160,-66,-76,-31,-39,-40,-57,-16,-23,-25,-58,-4,-25,0,-19,-19,-31,-25,-87,0,-42,0,-102,-109,-102,-111,-112,-98,-197,-196,-205,-164,-226,-210,-210,-183,-170,-111,-149,-138,-141,-131,-98,0,-160,-155,-1088,-1087,-1413,-1375,-1177,0,0,0,0,0,0,43,15,31,29,78,35,54,0,17,19,45,44,29998,29999]} 1. e4 c5 2. Nf3 e6 3. b3 d6 4. Bb2 Nf6 5. Bb5+ Bd7 6. Bxd7+ Nbxd7 7. Qe2 Be7 8. O-O O-O 9. d3 {B52: Sicilian: Moscow Variation with 3...Bd7.} Qc7 10. Nbd2 Rac8 11. a4 {The position is equal.} Rfe8 {[#]} 12. Rfe1 $146 ({Predecessor:} 12. Ne1 Bf8 13. f4 e5 14. fxe5 Nxe5 15. Nef3 Nfd7 16. Nxe5 Nxe5 17. Bxe5 dxe5 18. Nc4 {½-½ (46) Nikolic,Z (2455)-Dabetic,R (2315) Cetinje 1990}) 12... Nh5 13. e5 d5 14. Qe3 g6 15. g4 Ng7 16. Qh6 Qd8 17. Kg2 f5 18. h3 (18. exf6 $1 $16 Bxf6 19. Bxf6 Qxf6 20. c4) 18... Rf8 $15 19. a5 a6 20. Ra4 Rf7 21. Rh1 (21. c3 $15) 21... Ne8 (21... Qc7 $142 $1 22. Raa1 d4) 22. Qe3 $17 Nb8 23. h4 ({White should play} 23. d4 $15) 23... fxg4 (23... Nc6 $17 24. g5 Ng7) 24. Rxg4 $15 Ng7 $1 25. h5 $1 {[%cal Rh5g6]} Nf5 26. Qe2 Rg7 (26... g5 $15) 27. Nf1 $2 (27. hxg6 $14 {was forced to keep a grip.} Rxg6 28. Rxg6+ hxg6 29. c4) 27... gxh5 ({Stronger than} 27... Qxa5 28. hxg6 hxg6 29. Ng3 $14) (27... g5 $142 $1 28. Ng3 Nh6) 28. Rxg7+ $17 Nxg7 29. Bc1 (29. Ng3 $142) 29... Qe8 ({Much weaker is} 29... Qxa5 $6 30. Ng3 $11) (29... Nc6 $1 $17 30. Qd2 Qe8) 30. Ng3 $15 Qg6 31. Kf1 $1 Kh8 32. Nh4 Qf7 {next ...Rf8 is good for Black.} (32... Bxh4 $5 33. Rxh4 Rg8 $15) 33. Bh6 Nc6 34. Bxg7+ $1 Qxg7 ({Black should try} 34... Kxg7 $15 35. Qxh5 Qxh5 36. Nxh5+ Kf7) 35. Qxh5 $11 Bxh4 (35... Nxe5 $2 36. Qxe5 $1 {[%mdl 512]} Bxh4 37. Qxg7+ Kxg7 38. Rxh4 $18) 36. Qxh4 Nxe5 37. Nh5 Qh6 38. Qg3 Nf7 (38... Nc6 $1 $17) 39. Qf3 Ne5 40. Qe2 (40. Qg3 $11 Nc6 41. Qf4 Qxf4 42. Nxf4) 40... Qc1+ $17 41. Kg2 Qg5+ $1 42. Ng3 {Hoping for Rh5.} Ng6 {...Nf4+ is the strong threat.} 43. Qe1 (43. Qe3 $17 Nf4+ 44. Kf1) 43... Rf8 $19 44. Kg1 Ne5 {aiming for ...Nf3+.} 45. Kg2 (45. Qe3 $142) 45... Qf6 46. Qe2 Ng6 {( -> ...Nf4+)} 47. Qe3 Nh4+ (47... Qg7 $19 48. Kf1 Qa1+ 49. Ke2 Qxa5) 48. Kg1 Nf3+ 49. Kf1 Qa1+ 50. Kg2 Qf6 ({Avoid the trap} 50... Qxa5 $2 51. Qh6 $1 $18 {[%mdl 512]}) (50... Qd4 $17 51. Qxe6 Nh4+ 52. Rxh4 Qxh4 53. Qxd5 Qd4 54. Qxd4+ cxd4) 51. Rh6 $2 {[#]} ({Only move:} 51. Kf1 $1 $11) 51... Nh4+ $1 $17 52. Kg1 $2 (52. Kf1 $17 Ng6 53. Qxc5) 52... Qa1+ $19 {[%mdl 64] Double Attack} 53. Kh2 Nf3+ 54. Kh3 Qe5 $2 ({Better is} 54... d4 $19 55. Qxf3 Rxf3) 55. Qxe5+ $11 Nxe5 56. Rxe6 {[%mdl 4096] Endgame KRN-KRN} Nc6 57. Kg2 Rf7 58. Nh5 {Re8+ would kill now.} (58. Rd6 $5 {[%cal Rd6d5]}) 58... Re7 59. Rd6 d4 60. Nf6 Nxa5 61. Nd7 (61. Ne4 $14) 61... Nc6 62. Nxc5 Nb4 63. Ne6 {White wants to mate with Rd8+.} Nxc2 $2 {[%mdl 8192]} (63... Kg8 $14) 64. Rd8+ {Accuracy: White = 55%, Black = 56%.} 1-0

[Event "IV Copa Marcel Duchamp 2020"]
[Site "Montevideo"]
[Date "2020.02.09"]
[Round "3.22"]
[White "Urrestarazu, Diego"]
[Black "Curi, Gabriel"]
[Result "0-1"]
[WhiteElo "1837"]
[BlackElo "2132"]
[Annotator "TA"]
[PlyCount "100"]
[EventDate "2020.02.08"]
[EventType "swiss"]
[EventCountry "URU"]
[SourceTitle "playchess.com"]
[Source "ChessBase"]
[SourceQuality "1"]

{[%evp 9,100,0,0,-14,25,21,15,16,31,20,33,13,30,-29,-16,-47,-35,-34,-31,-63,29,28,9,-91,-76,-85,-89,-87,-89,-103,-103,-108,-108,-108,-108,-108,-105,-101,-82,-108,-96,-125,-92,-125,-125,-129,-129,-132,-126,-151,-125,-140,-142,-220,-181,-185,-147,-189,-112,-117,-108,-108,-108,-112,-108,-108,-106,-100,-117,-143,-86,-81,-39,-375,-362,-510,-504,-1108,-1100,-993,-1087,-1076,-1060,-1181,-1088,-1352,-1243,-1640,-1392,-29962,-29974,-6648,-6087]} 1. c4 c6 2. Nc3 d5 3. cxd5 cxd5 4. d4 Nf6 5. g3 Nc6 6. Bg2 {D10: Slav Defence: 3 cxd5 (without early Nf3) and 3 Nc3} g6 7. Nf3 Ne4 8. Qb3 {The position is equal.} Nxc3 9. bxc3 Bg7 10. O-O O-O 11. Re1 (11. Ne5 $142) 11... Na5 $11 {[#]} 12. Qd1 $146 ({Predecessor:} 12. Qc2 Nc4 13. e4 e6 14. Bg5 Qa5 15. exd5 exd5 16. Be7 Re8 17. Bb4 Rxe1+ 18. Rxe1 {1-0 (33) Bispo,L (2131)-Sandstad Skrondal,I ICC INT 2009}) 12... Bf5 13. Nd2 Rc8 $36 {[%mdl 2048] Black has the initiative.} 14. Bb2 Nc4 (14... e5 $15 15. dxe5 Re8) 15. Nxc4 Rxc4 16. e4 (16. Qb3 $11) 16... dxe4 17. Bxe4 Bxe4 18. Rxe4 e6 19. Qb3 Qd5 20. Re2 Rfc8 21. Rae1 h5 22. h4 Bf6 23. Re3 Kg7 24. Qd1 Rd8 (24... b5 {feels hotter.} 25. a3 Kg8 26. Rd3 Rd8 27. Qc1 Bg7) 25. Qf3 Ra4 26. Qxd5 Rxd5 27. a3 Rb5 28. R1e2 Rc4 29. Kg2 Kf8 30. Rf3 Be7 31. Rf4 (31. Rfe3 $17 {was called for.}) 31... Bd6 32. Rf3 {intending Rxe6.} Kg8 33. Rd3 Rd5 ({Better is} 33... Rb3 $19 34. Rdd2 b6) 34. Rd1 $17 Ra4 35. Rc2 {and if c4 works, White does fine.} b5 ({But not} 35... Bxa3 $6 36. c4 $14) 36. Ra1 Kf8 37. Kf3 Ke8 38. Ke3 Kd7 39. f4 Kc6 (39... Ke7 $142 40. Re2 Kf6) 40. Kd3 Rc4 41. Ke3 $2 {[%mdl 8192] [#]} ({White should play} 41. a4 $15 Rxa4 42. Rxa4 bxa4 43. c4) 41... Rdxd4 $1 $19 {[%mdl 512]} 42. cxd4 (42. Rd2 $142 Rxd2 43. Kxd2) 42... Rxc2 43. Rc1 (43. d5+ $142 Kxd5 44. Bd4) 43... Rxc1 44. Bxc1 {[%mdl 4096] Endgame KB-KB} Kd5 45. Kd3 a5 {[%cal Ba7a5,Ba5a4,Ba4a3][%mdl 32]} 46. Bb2 a4 47. Bc1 b4 48. axb4 Bxb4 49. Bb2 a3 50. Ba1 Be1 {Accuracy: White = 51%, Black = 72%.} 0-1

[Event "IV Copa Marcel Duchamp 2020"]
[Site "Montevideo"]
[Date "2020.02.09"]
[Round "3.23"]
[White "Zaruski, Julio"]
[Black "Guerrero, Alvaro"]
[Result "0-1"]
[WhiteElo "1822"]
[BlackElo "2094"]
[Annotator "NA"]
[PlyCount "142"]
[EventDate "2020.02.08"]
[EventType "swiss"]
[EventCountry "URU"]
[SourceTitle "playchess.com"]
[Source "ChessBase"]
[SourceQuality "1"]
[TimeControl "5400+30"]

{[%evp 15,140,27,34,1,0,-21,-2,32767,32767,4,32767,-21,-32,-9,-8,-69,-82,-92,32767,32767,32767,-28,-24,-45,-53,-36,-42,32767,32767,32767,-55,-83,-44,-62,-38,-52,-40,-36,-36,-70,-50,-72,0,0,0,-78,-102,-103,-96,-143,-153,-156,-127,-134,-126,-126,-120,-193,-19,-164,-8,-21,0,-8,0,-8,0,-578,-830,-591,-888,32767,32767,32767,32767,32767,32767,32767,32767,32767,32767,32767,-1283,-827,32767,-1484,-2450,-1849,-2202,-1764,-3070,-6446,32767,32767,32767,32767,-29986,-29990,-29978,-29978,-12840,-12845,32767,-29987,-29979,-29961,-29985,-29970,-12843,-5118,32767,-29981,-29982,-29983,-29985,32767,32767,32767,32767,32767,32767,32767,32767,32767,32767,-29994,-29995]} 1. c4 {[%emt 0:00:00]} g6 {[%emt 0:05:27]} 2. g3 {[%emt 0:00:00]} Bg7 {[%emt 0:00:10]} 3. Bg2 {[%emt 0:00:12]} d6 {[%emt 0:01:32]} 4. Nc3 {[%emt 0:01:30]} Nc6 {[%emt 0:04:46]} 5. d3 {[%emt 0:00:59]} e6 {[%emt 0:03:02]} 6. e4 {[%emt 0:00:20] A10: English Opening: Unusual Replies for Black.} Nge7 {[%emt 0:00:52]} 7. Nge2 {[%emt 0:00:07]} O-O {[%emt 0:01:06] [#]} 8. O-O $146 {[%emt 0:00:46]} ({Predecessor:} 8. Be3 Ne5 9. h3 c6 10. f4 Nd7 11. O-O Re8 12. Qe1 Nf8 13. Qf2 f5 14. Rad1 {0-1 (37) Seidemann,U (2090)-Nagrocka,E (2105) Germany 1996}) 8... e5 {[%emt 0:04:53]} 9. Be3 {[%emt 0:03:47]} Nd4 {[%emt 0:00:27]} 10. Kh1 {[%emt 0:00:30]} c6 {[%emt 0:04:03]} 11. Qd2 {[%emt 0:01:57]} Bg4 {[%emt 0:04:26]} 12. f3 {[%emt 0:01:29]} Be6 {[%emt 0:00:03]} 13. Nd1 {[%emt 0:06:16]} f5 {[%emt 0:09:46]} 14. Nxd4 {[%emt 0:00:29]} exd4 {[%emt 0:00:03]} 15. Bg5 {[%emt 0:05:33]} fxe4 {[%emt 0:05:05]} 16. fxe4 {[%emt 0:02:11]} Rxf1+ {[%emt 0:00:07]} 17. Bxf1 {[%emt 0:00:09]} Qd7 {[%emt 0:00:58]} 18. b4 {[%emt 0:08:17]} Rf8 {[%emt 0:01:29]} 19. Nf2 {[%emt 0:00:57] [#]} h6 $1 {[%emt 0:01:23]} 20. Bxe7 $1 {[%emt 0:00:14]} Qxe7 {[%emt 0:00:03]} 21. Bg2 {[%emt 0:00:23]} Kh7 {[%emt 0:01:59]} 22. Nh3 {[%emt 0:01:23]} g5 {[%emt 0:07:59]} 23. Rf1 {[%emt 0:01:16]} Bf6 {[%emt 0:04:15]} 24. a3 {[%emt 0:01:36]} Qd7 {[%emt 0:00:21]} 25. Ng1 {[%emt 0:14:47]} Kg7 {[%emt 0:00:17]} 26. Qd1 {[%emt 0:05:25]} Rf7 {[%emt 0:01:53]} 27. Rf2 {[%emt 0:05:44]} b6 {[%emt 0:01:13]} 28. Qa4 {[%emt 0:01:47]} Kg8 {[%emt 0:11:00]} (28... c5 $15 29. b5 Bd8 30. Rxf7+ Qxf7) 29. e5 {[%emt 0:08:47]} b5 {[%emt 0:00:08]} 30. cxb5 {[%emt 0:01:21]} (30. Qa6 $11 Bxe5 31. Bxc6 {[%mdl 64] Double Attack}) 30... cxb5 {[%emt 0:00:04]} 31. Qd1 {[%emt 0:01:07]} dxe5 {[%emt 0:00:27]} 32. Qh5 {[%emt 0:01:10]} Bg7 {[%emt 0:01:37]} 33. Rxf7 {[%emt 0:00:52]} Bxf7 {[%emt 0:00:53]} 34. Qf3 {[%emt 0:00:18]} Bg6 {[%emt 0:01:46]} 35. Qa8+ {[%emt 0:00:56]} Kh7 {[%emt 0:00:13]} 36. Be4 {[%emt 0:00:12] [#]} (36. Bc6 $17 Qf7 37. Bd5) 36... Qf7 $2 {[%emt 0:04:40]} (36... g4 $1 $19 37. h4 h5) 37. Kg2 {[%emt 0:02:07] [#]} (37. g4 $1 $11) 37... Bxe4+ {[%emt 0:01:24]} (37... g4 $1 $17 38. h3 h5 39. hxg4 hxg4) 38. Qxe4+ {[%emt 0:00:21]} Qg6 {[%emt 0:00:01]} 39. Qxg6+ $1 {[%emt 0:01:49]} Kxg6 {[%emt 0:00:03]} 40. Kf3 $1 {[%emt 0:00:26]} h5 {[%emt 0:05:07]} 41. Ke4 $2 {[%emt 0:00:44]} (41. h3 $1 $11) 41... g4 {[%emt 0:00:08]} 42. Ne2 {[%emt 0:00:40] [#]} Kf6 $1 {[%emt 0:00:25]} 43. Nc1 {[%emt 0:01:52]} Bh6 {[%emt 0:01:16]} 44. Nb3 {[%emt 0:00:06]} Be3 {[%emt 0:00:33]} 45. Nc5 {[%emt 0:00:05]} Bg1 46. Nd7+ {[%emt 0:00:08]} Ke6 {[%emt 0:00:54]} 47. Nxe5 {[%emt 0:00:11]} Bxh2 {[%emt 0:00:10]} 48. Nc6 {[%emt 0:00:40]} Bxg3 {[%emt 0:00:43]} 49. Nxd4+ {[%emt 0:00:05]} Kf6 {[%emt 0:00:52]} 50. Ne2 {[%emt 0:12:11]} Bb8 {[%emt 0:00:27]} 51. Ke3 {[%emt 0:00:41]} h4 {[%emt 0:00:21]} 52. Kf2 {[%emt 0:00:33]} a6 {[%emt 0:01:49]} 53. Kg2 {[%emt 0:00:33]} Ke5 {[%emt 0:00:30]} 54. Nc3 {[%emt 0:02:10]} h3+ {[%emt 0:00:10]} 55. Kh1 {[%emt 0:00:50]} g3 {[%emt 0:00:29]} 56. Ne4 {[%emt 0:00:11]} Kd4 {[%emt 0:00:27]} 57. Ng5 {[%emt 0:01:56]} h2 {[%emt 0:01:15]} 58. Ne6+ {[%emt 0:01:22]} Kxd3 {[%emt 0:00:57]} 59. Kg2 {[%emt 0:00:52]} Kc4 {[%emt 0:00:17]} 60. Nc5 {[%emt 0:01:12]} Bd6 {[%emt 0:00:05]} 61. Ne4 {[%emt 0:00:34]} Be5 {[%emt 0:01:33]} 62. Nc5 {[%emt 0:00:28] [#]} a5 $1 {[%emt 0:00:09]} 63. Nd7 {[%emt 0:01:23]} axb4 {[%emt 0:02:20]} 64. axb4 {[%emt 0:00:12]} Bd4 {[%emt 0:00:20]} 65. Nb8 {[%emt 0:01:32]} Kxb4 {[%emt 0:00:04]} 66. Na6+ {[%emt 0:00:15]} Kc4 {[%emt 0:00:04]} 67. Kh1 {[%emt 0:00:20]} Be5 {[%emt 0:00:07]} 68. Kg2 {[%emt 0:00:55]} Bd6 {[%emt 0:00:02]} 69. Kh1 {[%emt 0:00:34]} Kd3 {[%emt 0:00:03]} 70. Kg2 {[%emt 0:00:42]} Ke2 {[%emt 0:00:04]} 71. Kh1 {[%emt 0:01:40]} Kf1 {[%emt 0:00:05]} 0-1